| 000 | 00669nam a22002177a 4500 | ||
|---|---|---|---|
| 999 |
_c172684 _d172684 |
||
| 005 | 20200211105940.0 | ||
| 010 | _aENG-127790 | ||
| 020 |
_c175.00 _a9789386519115 |
||
| 035 | _aEN-111322 | ||
| 037 | _bDBAD/PUB | ||
| 082 | _a540 | ||
| 100 | _aArumugam,N | ||
| 245 |
_aSaras neet chemistry/ _cby N.Arumugam,N.Kanagaraj[and]M.G.Ragunathan |
||
| 250 | _a1st ed. | ||
| 260 |
_aTamil Nadu _bSaras publication _c2018 |
||
| 270 |
_a114/35G,A.R.P.Camp Road,Periavilai,Kottar P.O.,Nagercoil _bKanyakumari Dist. _e629002 |
||
| 300 |
_axii,;various pages _c23cm(pbk) |
||
| 700 | _aN.Kanagaraj | ||
| 700 | _aM.G.Ragunathan | ||
| 942 |
_2ddc _cEN _mARU _h540 |
||